Danforth, tratado de obstetricia y ginecología / (Registro nro. 46267)
[ vista simple ]
| 000 -LEADER | |
|---|---|
| fixed length control field | 01320cam a2200337 i 4500 |
| 001 - CONTROL NUMBER | |
| control field | 46267 |
| 003 - CONTROL NUMBER IDENTIFIER | |
| control field | Mx-PuUPA |
| 005 - DATE AND TIME OF LATEST TRANSACTION | |
| control field | 20240410104027.0 |
| 008 - FIXED-LENGTH DATA ELEMENTS--GENERAL INFORMATION | |
| fixed length control field | 140415s2000 mx af r 000 0 spa d |
| 020 ## - INTERNATIONAL STANDARD BOOK NUMBER | |
| International Standard Book Number | 9701027817 |
| 040 ## - CATALOGING SOURCE | |
| Description conventions | rda |
| Original cataloging agency | Mx-PuUPA |
| Language of cataloging | spa |
| Transcribing agency | Mx-PuUPA |
| Modifying agency | Mx-PuUPA |
| 041 1# - LANGUAGE CODE | |
| Language code of text/sound track or separate title | spa |
| Language code of original | eng |
| 100 1# - MAIN ENTRY--PERSONAL NAME | |
| Personal name | Danforth, David N., |
| Dates associated with a name | 1942- |
| Relator term | autor |
| 240 10 - UNIFORM TITLE | |
| Uniform title | Danforths obstetrics and gynecology. |
| Language of a work | Español |
| 245 10 - TITLE STATEMENT | |
| Title | Danforth, tratado de obstetricia y ginecología / |
| Statement of responsibility, etc. | David N. Danforth ; editado por James R. Scott [y otros tres] ; traductores, Marta Elena Araiza [y otros dos]. |
| 246 30 - VARYING FORM OF TITLE | |
| Title proper/short title | Tratado de obstetricia y ginecología |
| 250 ## - EDITION STATEMENT | |
| Edition statement | Séptima edición |
| 264 #1 - PRODUCTION, PUBLICATION, DISTRIBUTION, MANUFACTURE, AND COPYRIGHT NOTICE | |
| Place of production, publication, distribution, manufacture | México, D.F. : |
| Name of producer, publisher, distributor, manufacturer | McGraw-Hill Interamericana Editores, |
| Date of production, publication, distribution, manufacture, or copyright notice | ©2000 |
| 300 ## - PHYSICAL DESCRIPTION | |
| Extent | xviii, 1024 páginas, L-8 páginas de láminas : |
| Other physical details | ilustraciones (algunas color) ; |
| Dimensions | 28 cm. |
| 336 ## - CONTENT TYPE | |
| Content type term | texto |
| Fuente | rdacontent |
| Content type code | txt |
| 337 ## - MEDIA TYPE | |
| Media type term | sin medio |
| Source | rdamedia |
| Media type code | n |
| 338 ## - CARRIER TYPE | |
| Carrier type term | volumen |
| Source | rdacarrier |
| Carrier type code | nc |
| 650 #4 - SUBJECT ADDED ENTRY--TOPICAL TERM | |
| Topical term or geographic name entry element | Ginecología |
| General subdivision | Obstetricia |
| 700 1# - ADDED ENTRY--PERSONAL NAME | |
| Personal name | Scott, James R., |
| Relator term | editor |
| 700 1# - ADDED ENTRY--PERSONAL NAME | |
| Personal name | Araiza, Marta Elena, |
| Relator term | traductor |
| 765 08 - ORIGINAL LANGUAGE ENTRY | |
| Main entry heading | Danforth, David N., (David Newton), 1942- |
| Title | Danforths obstetrics and gynecology |
| 942 ## - ADDED ENTRY ELEMENTS (KOHA) | |
| Source of classification or shelving scheme | Dewey Decimal Classification |
| Koha item type | Libro |
| Classification part | 618 |
| Item part | D167 |
| Withdrawn status | Lost status | Source of classification or shelving scheme | Damaged status | Not for loan | Collection code | Home library | Current library | Shelving location | Date acquired | Source of acquisition | Total Checkouts | Full call number | Barcode | Date last seen | Date last checked out | Price effective from | Koha item type | Copy number |
|---|---|---|---|---|---|---|---|---|---|---|---|---|---|---|---|---|---|---|
| Dewey Decimal Classification | General | Biblioteca Karol Wojtyla | Biblioteca Karol Wojtyla | Sala general | 03/12/2013 | Compra | 618 D167 2000 | 69394 | 05/01/2026 | 11/02/2017 | 03/12/2013 | Libro | ||||||
| Dewey Decimal Classification | General | Biblioteca Karol Wojtyla | Biblioteca Karol Wojtyla | Sala general | 03/12/2013 | Compra | 618 D167 2000 | 71051 | 05/01/2026 | 03/12/2013 | Libro | Ej.3 | ||||||
| Dewey Decimal Classification | General | Biblioteca Karol Wojtyla | Biblioteca Karol Wojtyla | Sala general | 03/12/2013 | Compra | 618 D167 2000 | 77339 | 05/01/2026 | 03/06/2017 | 21/04/2017 | Libro | Ej.2 |